<?xml version="1.0" encoding="UTF-8"?>
<record
    xmlns:xsi="http://www.w3.org/2001/XMLSchema-instance"
    xsi:schemaLocation="http://www.loc.gov/MARC21/slim http://www.loc.gov/standards/marcxml/schema/MARC21slim.xsd"
    xmlns="http://www.loc.gov/MARC21/slim">

  <leader>01128cam a22002535a 4500</leader>
  <controlfield tag="003">AR-RoUNCS</controlfield>
  <controlfield tag="005">20251216160550.0</controlfield>
  <controlfield tag="008">050705s2007    ag ||||gr    |00| p spa  </controlfield>
  <datafield tag="020" ind1=" " ind2=" ">
    <subfield code="a">987-987-1093-46-5</subfield>
  </datafield>
  <datafield tag="040" ind1=" " ind2=" ">
    <subfield code="a">AR-BaBN</subfield>
    <subfield code="b">spa</subfield>
    <subfield code="c">AR-RoUNCS</subfield>
    <subfield code="e">aacr</subfield>
  </datafield>
  <datafield tag="041" ind1="1" ind2=" ">
    <subfield code="a">spa</subfield>
    <subfield code="h">grc</subfield>
  </datafield>
  <datafield tag="080" ind1="1" ind2=" ">
    <subfield code="a">82-13(38)</subfield>
    <subfield code="2">2016</subfield>
  </datafield>
  <datafield tag="100" ind1="0" ind2=" ">
    <subfield code="a">Homero</subfield>
    <subfield code="e">autor</subfield>
    <subfield code="4">aut</subfield>
  </datafield>
  <datafield tag="245" ind1="1" ind2="3">
    <subfield code="a">La Odisea /</subfield>
    <subfield code="c">Homero ; estudio preliminar, Sergio Albano.</subfield>
  </datafield>
  <datafield tag="260" ind1=" " ind2=" ">
    <subfield code="a">Buenos Aires :</subfield>
    <subfield code="b">Gradifco,</subfield>
    <subfield code="c">2007.</subfield>
  </datafield>
  <datafield tag="300" ind1=" " ind2=" ">
    <subfield code="a">384 p. ;</subfield>
    <subfield code="c">19 cm.</subfield>
  </datafield>
  <datafield tag="490" ind1="0" ind2=" ">
    <subfield code="a">Nogal.</subfield>
  </datafield>
  <datafield tag="520" ind1="3" ind2=" ">
    <subfield code="a">En "La Odisea" Homero narra las peripecias del viaje que emprendi&#xF3; el protagonista Odiseo para regresar a su patria. Adem&#xE1;s, en el relato se describen escenas familiares, con una mirada m&#xE1;s psicol&#xF3;gica e intimista.
Esta obra a superado el &#xE1;mbito literario para ganar terreno en el lenguaje popular, as&#xED; se acu&#xF1;o el t&#xE9;rmino odisea para designar todo viaje accidentado o peripecia, dando muestra cabal de su inmortalidad. (Nota del editor)</subfield>
  </datafield>
  <datafield tag="650" ind1=" " ind2="4">
    <subfield code="a">Literatura cl&#xE1;sica</subfield>
  </datafield>
  <datafield tag="650" ind1=" " ind2="4">
    <subfield code="a">Literatura griega</subfield>
  </datafield>
  <datafield tag="655" ind1=" " ind2="4">
    <subfield code="a">Poes&#xED;a &#xE9;pica</subfield>
  </datafield>
  <datafield tag="700" ind1="1" ind2=" ">
    <subfield code="a">Albano, Sergio</subfield>
  </datafield>
  <datafield tag="942" ind1=" " ind2=" ">
    <subfield code="2">udc</subfield>
    <subfield code="c">LPD</subfield>
    <subfield code="n">0</subfield>
  </datafield>
  <datafield tag="999" ind1=" " ind2=" ">
    <subfield code="c">854</subfield>
    <subfield code="d">854</subfield>
  </datafield>
  <datafield tag="952" ind1=" " ind2=" ">
    <subfield code="0">0</subfield>
    <subfield code="1">0</subfield>
    <subfield code="2">udc</subfield>
    <subfield code="4">0</subfield>
    <subfield code="7">0</subfield>
    <subfield code="8">CG</subfield>
    <subfield code="a">ESOCIALES</subfield>
    <subfield code="b">ESOCIALES</subfield>
    <subfield code="d">2025-12-16</subfield>
    <subfield code="l">0</subfield>
    <subfield code="o">82-13(38) H766</subfield>
    <subfield code="p">000256</subfield>
    <subfield code="r">2025-12-16 16:06:32</subfield>
    <subfield code="w">2025-12-16</subfield>
    <subfield code="y">LPD</subfield>
  </datafield>
</record>
